000 00543nam a2200193Ia 4500
003 OSt
005 20240911145424.0
008 220927b |||||||| |||| 00| 0 eng d
020 _a0521292026
040 _aSDCL
_cSDCL
_beng
041 _2eng
_aeng
082 _aRxe79 K7
100 _aRist, J. M.
_9434406
245 0 _aPlotinus:
_bThe road to reality/
260 _aLondon:
_bCambridge University Press,
_c1967.
300 _avii,279p.
_ccm.
942 _hRxe79 K7
_cTEXL
_2CC
999 _c750750
_d750750